Atlas histórico
Guardat en:
| Format: | Llibre |
|---|---|
| Idioma: | espanyol |
| Publicat: |
Barcelona
Planeta
2012
|
| Col·lecció: | Biblioteca Hispánica
|
| Matèries: | |
| Etiquetes: |
Afegir etiqueta
Sense etiquetes, Sigues el primer a etiquetar aquest registre!
|
MARC
| LEADER | 00000cam a2200000 a 4500 | ||
|---|---|---|---|
| 001 | UCF7481 | ||
| 003 | CL-VaPUC | ||
| 008 | 130627e20120000SP |||||||||||||||||spa|d | ||
| 020 | |a 9788408466277 | ||
| 082 | 0 | 4 | |a 911 |b ATL |2 21 |
| 245 | 1 | 0 | |a Atlas histórico |
| 300 | |a 368 p | ||
| 942 | |c BK | ||
| 945 | |d 20130627 00:00:00 |a cmena | ||
| 260 | |a Barcelona |b Planeta |c 2012 | ||
| 650 | 0 | |a Atlas |9 260843 | |
| 650 | 0 | |a Historia universal |9 266877 | |
| 583 | |a last modification |c 20130627 13:18:00 |k Rodrigo Vera | ||
| 490 | 0 | |a Biblioteca Hispánica | |
| 999 | |c 352304 |d 352302 | ||